000 00201nam a2200085Ia 4500
008 120527s9999 xx 000 0 und d
100 _aLeigh & Petterson
245 _aAdolescence in families
942 _cBK
999 _c27596
_d27596